| 000 | 00356pab a2200145 454500 | ||
|---|---|---|---|
| 008 | 180718b1985 xxu||||| |||| 00| 0 eng d | ||
| 100 | _aWilcock, David C | ||
| 245 |
_aInfrastructure _bA key to food security |
||
| 260 | _c1985 | ||
| 300 | _a24-9 | ||
| 362 | _aAug. | ||
| 650 | _aFood Supply - Africa | ||
| 773 | _aNational Development Asia | ||
| 909 | _a8605 | ||
| 999 |
_c8605 _d8605 |
||